Eliteserien/tippeligaen topp 3 - Statistics

General Stats
  • This quiz has been taken 17 times
  • The average score is 35 of 36
Answer Stats
År Første plass Andre plass Tredje plass % Correct
2020 Bodø Glimt Molde Vålerenga
100%
2021 Bodø Glimt Molde Viking
100%
2023 Bodø Glimt Brann Tromsø
100%
2024 Bodø Glimt Brann Viking
100%
2011 Molde Tromsø Rosenborg
100%
2012 Molde Strømsgodset Rosenborg
100%
2014 Molde Rosenborg Odd
100%
2019 Molde Bodø Glimt Rosenborg
100%
2022 Molde Bodø Glimt Rosenborg
100%
2002 Rosenberg Molde LYN
100%
1990 Rosenborg Tromsø Molde
100%
1992 Rosenborg Kongsvinger Start
100%
1993 Rosenborg Bodø Glimt Lillestrøm
100%
1994 Rosenborg Lillestrøm Viking
100%
1995 Rosenborg Molde Bodø Glimt
100%
1996 Rosenborg Lillestrøm Viking
100%
1997 Rosenborg Brann Strømsgodset
100%
1998 Rosenborg Molde Stabæk
100%
1999 Rosenborg Molde Brann
100%
2000 Rosenborg Brann Viking
100%
2001 Rosenborg Lillestrøm Viking
100%
2003 Rosenborg Bodø Glimt Stabæk
100%
2004 Rosenborg Vålerenga Brann
100%
2006 Rosenborg Brann Vålerenga
100%
2009 Rosenborg Molde Stabæk
100%
2010 Rosenborg Vålerenga Tromsø
100%
2015 Rosenborg Strømsgodset Stabæk
100%
2016 Rosenborg Brann Odd
100%
2017 Rosenborg Molde Sarpsborg
100%
2018 Rosenborg Molde Brann
100%
2007 Brann Stabæk Viking
92%
1991 Viking Rosenborg Start
92%
2025 Viking Bodø Glimt Tromsø
92%
2013 Strømsgodset Rosenborg Haugesund
85%
2005 Vålerenga Start LYN
85%
2008 Stabæk Fredrikstad Tromsø
77%
No matching quizzes found
Score Distribution
Percent of People with Each Score
Percentile by Number Answered
Your Score History
You have not taken this quiz